[Event "Chigorin Memorial 2018"]
[Site "St. Petersburg"]
[Date "2018.10.30"]
[Round "4.75"]
[White "Erdenieva, Oyuna"]
[Black "Razumovskiy, Mikhail"]
[Result "1-0"]
[WhiteElo "2251"]
[BlackElo "1944"]
[PlyCount "151"]
[EventDate "2018.10.27"]
[EventType "swiss"]
[EventCountry "RUS"]
[WhiteTeam "Russland"]
[BlackTeam "Russland"]
[WhiteTeamCountry "RUS"]
[BlackTeamCountry "RUS"]

1. d4 d5 2. c4 c6 3. Nc3 Nf6 4. e3 a6 5. Qc2 g6 6. Nf3 Bg7 7. Bd3 O-O 8. O-O Re8 9. b3 a5 10. Bb2 Na6 11. a3 e6 12. Rfd1 b6 13. e4 dxe4 14. Nxe4 Nxe4 15. Bxe4 Qc7 16. Ne5 Bb7 17. Qc3 c5 18. Bxb7 Qxb7 19. d5 exd5 20. Qg3 d4 21. Nd3 Re2 22. Bc1 Rae8 23. Bf4 Qe4 24. Kf1 Qf5 25. Re1 Rxe1+ 26. Rxe1 Rxe1+ 27. Kxe1 Qe6+ 28. Kd2 a4 29. Qf3 Qc8 30. bxa4 h6 31. Qd5 Qe8 32. Ne5 Nc7 33. Qd7 Bxe5 34. Qxe8+ Nxe8 35. Bxe5 Kf8 36. Bb8 Nf6 37. Bc7 Nd7 38. a5 bxa5 39. a4 Ke8 40. Kc2 Ke7 41. f3 Ke6 42. Bxa5 Nb8 43. Bd2 h5 44. a5 Na6 45. Kd3 Ke5 46. Be1 f5 47. Bd2 Kf6 48. Kc2 Ke6 49. Kb3 Kd7 50. Kc2 Kc6 51. Kb3 Nc7 52. Ka4 Na6 53. Kb3 Kb7 54. Ka4 Nc7 55. Kb3 Ne6 56. Ka4 Ka6 57. Kb3 Nd8 58. Ka3 Nc6 59. Ka4 Ne5 60. Kb3 Nc6 61. Ka4 Nd8 62. Ka3 Ne6 63. Kb3 g5 64. h3 Kb7 65. g4 fxg4 66. fxg4 h4 67. Kc2 Ka6 68. Kd3 Nd8 69. Ke4 Nb7 70. Bxg5 Nxa5 71. Kd5 Nb3 72. Bxh4 d3 73. Be1 Kb6 74. g5 d2 75. Bxd2 Nxd2 76. g6 1-0

[Event "Chigorin Memorial 2018"]
[Site "St. Petersburg"]
[Date "2018.10.30"]
[Round "4.76"]
[White "Poznyak, Nazar"]
[Black "Nikologorsky, Matfei"]
[Result "0-1"]
[WhiteElo "2016"]
[BlackElo "2235"]
[PlyCount "85"]
[EventDate "2018.10.27"]
[EventType "swiss"]
[EventCountry "RUS"]
[WhiteTeam "Russland"]
[BlackTeam "Russland"]
[WhiteTeamCountry "RUS"]
[BlackTeamCountry "RUS"]

1. d4 Nf6 2. c4 g6 3. Nc3 d5 4. Nf3 Bg7 5. Bg5 Ne4 6. cxd5 Nxg5 7. Nxg5 e6 8. Qd2 h6 9. Nh3 exd5 10. Qe3+ Kf8 11. Nf4 c6 12. Qf3 Kg8 13. e3 Qb6 14. Rc1 Qxb2 15. Nd3 Qa3 16. Nxd5 Bf5 17. e4 Bxe4 18. Qxe4 cxd5 19. Rc8+ Kh7 20. Rxh8+ Bxh8 21. Qe8 Qc3+ 22. Kd1 Qa1+ 23. Ke2 Bg7 24. g3 Qxa2+ 25. Kf3 Qa3 26. Be2 Qf8 27. Qxf8 Bxf8 28. Rb1 Nc6 29. Rxb7 Nxd4+ 30. Ke3 Bg7 31. Nf4 Kg8 32. Ba6 Re8+ 33. Kd3 Rd8 34. Rxa7 g5 35. Ng2 Nc6 36. Rb7 Ra8 37. Bb5 Ra3+ 38. Kd2 Ra2+ 39. Ke3 Bd4+ 40. Kd3 Ra3+ 41. Kd2 Ne5 42. f4 Ra2+ 43. Kd1 0-1

[Event "Chigorin Memorial 2018"]
[Site "St. Petersburg"]
[Date "2018.10.30"]
[Round "4.77"]
[White "Nikitin, Sergey E."]
[Black "Usacheva, Glafira"]
[Result "1-0"]
[WhiteElo "2230"]
[BlackElo "1939"]
[PlyCount "75"]
[EventDate "2018.10.27"]
[EventType "swiss"]
[EventCountry "RUS"]
[WhiteTeam "Russland"]
[BlackTeam "Russland"]
[WhiteTeamCountry "RUS"]
[BlackTeamCountry "RUS"]

1. e4 c5 2. d3 d6 3. f4 g6 4. Nf3 Bg7 5. Be2 e6 6. O-O Ne7 7. c3 Nbc6 8. Be3 O-O 9. Nbd2 b6 10. Qc2 Bb7 11. Nb3 Rc8 12. g4 f5 13. h3 d5 14. exf5 exf5 15. d4 c4 16. Nbd2 Qd7 17. g5 Qe6 18. Ne5 b5 19. Ndf3 Rce8 20. Kf2 Nc8 21. h4 Nd6 22. Rh1 Ne4+ 23. Kg2 a6 24. h5 Bxe5 25. dxe5 Kg7 26. Bd4 Rh8 27. Rag1 Rc8 28. Qc1 Nd8 29. hxg6 hxg6 30. Rxh8 Kxh8 31. Rh1+ Kg7 32. Rh3 Nf7 33. Qh1 Rh8 34. Rxh8 Nxh8 35. Qh6+ Kg8 36. Nh4 Bc6 37. Nxf5 Qxf5 38. e6 1-0

[Event "Chigorin Memorial 2018"]
[Site "St. Petersburg"]
[Date "2018.10.30"]
[Round "4.78"]
[White "Popovich, Alexey"]
[Black "Klepikov, Nikita"]
[Result "0-1"]
[WhiteElo "1984"]
[BlackElo "2228"]
[PlyCount "46"]
[EventDate "2018.10.27"]
[EventType "swiss"]
[EventCountry "RUS"]
[WhiteTeam "Russland"]
[BlackTeam "Russland"]
[WhiteTeamCountry "RUS"]
[BlackTeamCountry "RUS"]

1. e4 b6 2. d4 Bb7 3. Bd3 e6 4. Nf3 c5 5. O-O cxd4 6. Nxd4 Bc5 7. Nb3 Be7 8. Nc3 a6 9. Qg4 g6 10. Qg3 Nc6 11. f4 Nf6 12. f5 gxf5 13. e5 Rg8 14. exf6 Rxg3 15. fxe7 Rxg2+ 16. Kxg2 Qxe7 17. Bf4 O-O-O 18. Na4 Rg8+ 19. Bg3 Qb4 20. Rf4 Qxf4 21. Nxb6+ Kc7 22. Nd5+ exd5 23. Rf1 Rxg3+ 0-1

[Event "Chigorin Memorial 2018"]
[Site "St. Petersburg"]
[Date "2018.10.30"]
[Round "4.79"]
[White "Shkurkin, Andrey"]
[Black "Kundianok, Vladislav"]
[Result "1-0"]
[WhiteElo "2201"]
[BlackElo "1918"]
[PlyCount "97"]
[EventDate "2018.10.27"]
[EventType "swiss"]
[EventCountry "RUS"]
[WhiteTeam "Russland"]
[BlackTeam "Russland"]
[WhiteTeamCountry "RUS"]
[BlackTeamCountry "RUS"]

1. d4 Nf6 2. c4 g6 3. Nc3 Bg7 4. e4 d6 5. Be2 O-O 6. Bg5 c5 7. d5 h6 8. Be3 e6 9. Qd2 exd5 10. exd5 Kh7 11. Nf3 Bf5 12. O-O Ne4 13. Nxe4 Bxe4 14. Ne1 Qb6 15. Nd3 Nd7 16. Rab1 a5 17. Kh1 Qd8 18. f3 Bf5 19. g4 Bxd3 20. Bxd3 Ne5 21. Be2 Qe7 22. Rbe1 f5 23. gxf5 Rxf5 24. Qc2 Qh4 25. Bf2 Qh3 26. Bg3 Raf8 27. f4 Ng4 28. Bd3 R5f6 29. Kg1 h5 30. Rf3 Ne5 31. Rfe3 Nxd3 32. Qxd3 Qg4 33. Kh1 Kg8 34. Qe2 Qf5 35. Bh4 R6f7 36. Be7 Qxf4 37. Bxf8 Bxf8 38. Re6 Kh7 39. Rg1 Qh4 40. Qg2 g5 41. Qxg5 Qxg5 42. Rxg5 Rf2 43. Rxh5+ Kg7 44. Rg5+ Kf7 45. Rg2 Rf1+ 46. Rg1 Rf2 47. Rge1 Rf4 48. Kg2 Bg7 49. Rf1 1-0

[Event "Chigorin Memorial 2018"]
[Site "St. Petersburg"]
[Date "2018.10.30"]
[Round "4.80"]
[White "Ter-Saakian, Grigorii"]
[Black "Chernyak, Viktoria"]
[Result "0-1"]
[WhiteElo "1982"]
[BlackElo "2200"]
[PlyCount "184"]
[EventDate "2018.10.27"]
[EventType "swiss"]
[EventCountry "RUS"]
[WhiteTeam "Russland"]
[BlackTeam "Russland"]
[WhiteTeamCountry "RUS"]
[BlackTeamCountry "RUS"]

1. d4 d5 2. Nf3 Nf6 3. e3 c5 4. b3 cxd4 5. exd4 g6 6. Bd3 Bg7 7. Bb2 O-O 8. Nbd2 Nc6 9. a3 Nh5 10. g3 Qb6 11. c3 Bg4 12. Be2 Nf6 13. O-O Rac8 14. b4 Qc7 15. Re1 Nb8 16. Qb3 Nbd7 17. Bf1 Nb6 18. Ne5 Be6 19. f4 Ne4 20. Nb1 Bf5 21. a4 Nd6 22. Nd2 Rfe8 23. a5 Nbc4 24. Ndxc4 dxc4 25. Qd1 Rcd8 26. Bg2 f6 27. Ng4 Nb5 28. Qf3 Nd6 29. Qd1 Qc8 30. Ne3 Bd3 31. Qg4 e6 32. h4 f5 33. Qd1 Qc7 34. Nf1 Bf6 35. Nd2 Kg7 36. Qf3 h6 37. Qe3 Re7 38. Kf2 Nb5 39. Rac1 Ree8 40. Qf3 Re7 41. Qe3 Nd6 42. Rh1 Rh8 43. Rcg1 Qd7 44. Ra1 Rc8 45. Bf3 Nb5 46. Rac1 Ree8 47. Bg2 Nd6 48. Ra1 Qe7 49. Bf1 Bxf1 50. Raxf1 Qd7 51. Ra1 Nb5 52. Nf3 Nd6 53. Nd2 Qc6 54. Qf3 Qd5 55. Rae1 Nb5 56. Re3 Kf7 57. Rhe1 Nd6 58. R3e2 b6 59. axb6 axb6 60. Ra1 Nb5 61. Ree1 Ra8 62. Qe2 Nd6 63. Qf3 Bg7 64. Rh1 Nb5 65. Rhe1 Red8 66. Kg2 Bf6 67. Rh1 Re8 68. Rhe1 Rec8 69. Rec1 Qxf3+ 70. Nxf3 Nd6 71. Nd2 g5 72. hxg5 hxg5 73. Rh1 Kg6 74. fxg5 Bxg5 75. Nf3 Bf6 76. Nd2 Bg7 77. Rhe1 Kf7 78. Rh1 Rg8 79. Kf3 b5 80. Rxa8 Rxa8 81. g4 Ra2 82. Rb1 Bh6 83. Nf1 Ne4 84. gxf5 exf5 85. d5 Kf6 86. d6 Ke6 87. d7 Kxd7 88. Rd1+ Ke6 89. Rb1 Bg5 90. Kg2 Nxc3 91. Re1+ Ne4 92. Re2 c3 0-1

[Event "Chigorin Memorial 2018"]
[Site "St. Petersburg"]
[Date "2018.10.30"]
[Round "4.81"]
[White "Ismagilov, Igor"]
[Black "Perov, German"]
[Result "1/2-1/2"]
[WhiteElo "1979"]
[BlackElo "2196"]
[PlyCount "80"]
[EventDate "2018.10.27"]
[EventType "swiss"]
[EventCountry "RUS"]
[WhiteTeam "Russland"]
[BlackTeam "Russland"]
[WhiteTeamCountry "RUS"]
[BlackTeamCountry "RUS"]

1. d4 d5 2. Nf3 Nc6 3. e3 Bg4 4. c4 e6 5. Nc3 Nf6 6. Be2 Be7 7. Ne5 Bxe2 8. Qxe2 O-O 9. f4 Bb4 10. Bd2 Bxc3 11. Bxc3 Ne7 12. Bb4 c6 13. O-O Ne4 14. Bxe7 Qxe7 15. c5 f6 16. Nd3 Rae8 17. b4 Kh8 18. a4 Rg8 19. Nf2 Nxf2 20. Qxf2 e5 21. fxe5 fxe5 22. Qg3 exd4 23. exd4 Qe4 24. Qc3 Rgf8 25. Rxf8+ Rxf8 26. Rf1 Rxf1+ 27. Kxf1 h6 28. a5 a6 29. h3 Kg8 30. Kf2 Qf4+ 31. Ke2 Qe4+ 32. Kf2 Qf4+ 33. Ke2 Qe4+ 34. Kf2 Qf4+ 35. Ke2 Qe4+ 36. Kf2 Qf4+ 37. Ke2 Qe4+ 38. Kf2 Qf4+ 39. Ke2 Qe4+ 40. Kf2 Qf4+ 1/2-1/2

[Event "Chigorin Memorial 2018"]
[Site "St. Petersburg"]
[Date "2018.10.30"]
[Round "4.82"]
[White "Ivanov, Platon-Jaan"]
[Black "Shkuratov, Vladimir"]
[Result "0-1"]
[WhiteElo "2176"]
[BlackElo "1833"]
[PlyCount "48"]
[EventDate "2018.10.27"]
[EventType "swiss"]
[EventCountry "RUS"]
[WhiteTeam "Estland"]
[BlackTeam "Russland"]
[WhiteTeamCountry "EST"]
[BlackTeamCountry "RUS"]

1. d4 Nf6 2. c4 g6 3. Nf3 Bg7 4. Nc3 O-O 5. g3 d6 6. Bg2 Nc6 7. O-O e5 8. d5 Ne7 9. e4 Nd7 10. Ne1 f5 11. Nd3 Nf6 12. Bg5 h6 13. Bxf6 Bxf6 14. f4 exf4 15. Nxf4 c6 16. exf5 Qb6+ 17. Kh1 Qxb2 18. dxc6 bxc6 19. Ncd5 cxd5 20. Nxd5 Rb8 21. fxg6 Nxd5 22. Qxd5+ Kh8 23. Qh5 Kg7 24. Qa5 Qb6 0-1

[Event "Chigorin Memorial 2018"]
[Site "St. Petersburg"]
[Date "2018.10.30"]
[Round "4.83"]
[White "Pestryakov, Nikita"]
[Black "Stukan, Martin"]
[Result "0-1"]
[WhiteElo "1959"]
[BlackElo "2173"]
[PlyCount "88"]
[EventDate "2018.10.27"]
[EventType "swiss"]
[EventCountry "RUS"]
[WhiteTeam "Russland"]
[BlackTeam "Russland"]
[WhiteTeamCountry "RUS"]
[BlackTeamCountry "RUS"]

1. e4 c5 2. Nf3 e6 3. c4 Nc6 4. Nc3 Nd4 5. d3 Ne7 6. Bg5 h6 7. Nxd4 hxg5 8. Nf3 Nc6 9. Be2 a6 10. O-O g4 11. Nd2 Qh4 12. h3 gxh3 13. g3 h2+ 14. Kh1 Qh6 15. f4 Qh3 16. Qe1 Nd4 17. Qf2 b6 18. Nf3 Nxe2 19. Nxe2 Bb7 20. Nc3 f6 21. Qxh2 Qxh2+ 22. Nxh2 Bd6 23. Kg2 Ke7 24. Nf3 Rag8 25. Rh1 Bc6 26. Rxh8 Rxh8 27. Rh1 Rxh1 28. Kxh1 b5 29. Kg2 bxc4 30. dxc4 Bc7 31. Nd2 Ba5 32. Kf2 Bxc3 33. bxc3 d6 34. Ke3 g6 35. Nf3 f5 36. e5 Bxf3 37. exd6+ Kxd6 38. Kxf3 e5 39. fxe5+ Kxe5 40. Ke3 a5 41. a4 g5 42. Kf3 g4+ 43. Ke3 f4+ 44. gxf4+ Kf5 0-1

[Event "Chigorin Memorial 2018"]
[Site "St. Petersburg"]
[Date "2018.10.30"]
[Round "4.84"]
[White "Hakobyan, Hovhannes H."]
[Black "Shakirov, Marat"]
[Result "1-0"]
[WhiteElo "2168"]
[BlackElo "1821"]
[PlyCount "59"]
[EventDate "2018.10.27"]
[EventType "swiss"]
[EventCountry "RUS"]
[WhiteTeam "Armenien"]
[BlackTeam "Russland"]
[WhiteTeamCountry "ARM"]
[BlackTeamCountry "RUS"]

1. e4 c6 2. Nc3 d5 3. Qf3 e6 4. d4 Bb4 5. e5 c5 6. a3 cxd4 7. axb4 dxc3 8. bxc3 Ne7 9. Bd3 Ng6 10. Qg3 Qc7 11. Ne2 Qxe5 12. f4 Qc7 13. h4 Nd7 14. Be3 e5 15. Bxg6 hxg6 16. fxe5 Qxe5 17. Bf4 Qe6 18. O-O O-O 19. Nd4 Qe8 20. Rae1 Qd8 21. Bc7 Qf6 22. b5 a5 23. Rxf6 Nxf6 24. Bd6 Rd8 25. Be7 Re8 26. Bxf6 Rxe1+ 27. Qxe1 gxf6 28. b6 a4 29. Qe8+ Kg7 30. Nb5 1-0

[Event "Chigorin Memorial 2018"]
[Site "St. Petersburg"]
[Date "2018.10.30"]
[Round "4.85"]
[White "Tskhadadze, Anna"]
[Black "Eynullayev, Atilla"]
[Result "0-1"]
[WhiteElo "1952"]
[BlackElo "2164"]
[PlyCount "118"]
[EventDate "2018.10.27"]
[EventType "swiss"]
[EventCountry "RUS"]
[WhiteTeam "Russland"]
[BlackTeam "Aserbeidschan"]
[WhiteTeamCountry "RUS"]
[BlackTeamCountry "AZE"]

1. d4 Nf6 2. Bf4 g6 3. e3 Bg7 4. Nf3 d6 5. h3 O-O 6. Be2 c5 7. c3 Qb6 8. Qb3 Be6 9. Qxb6 axb6 10. a3 Bd5 11. Nbd2 Bc6 12. O-O Nbd7 13. Rfe1 Rfd8 14. Bc4 e5 15. Bg3 e4 16. Nh2 b5 17. Bb3 Nb6 18. Rad1 cxd4 19. cxd4 Na4 20. Bxa4 Rxa4 21. Rc1 h5 22. Nb1 Nd5 23. Nc3 Nxc3 24. Rxc3 Bf8 25. Rec1 b4 26. axb4 Rxb4 27. R3c2 Ra8 28. f3 Rb3 29. Nf1 Ra2 30. Nd2 Rxe3 31. Bf4 Rd3 32. Nxe4 Rxd4 33. Nc3 Ra8 34. Ne2 Rd3 35. b4 Rb3 36. Rc4 d5 37. R4c2 Rxb4 38. Bd2 Rba4 39. Nf4 Ra2 40. Nd3 Rxc2 41. Rxc2 Bg7 42. Nb4 Ra1+ 43. Kh2 Ba4 44. Rc8+ Kh7 45. Bf4 d4 46. Rc7 g5 47. Bd6 b5 48. Rxf7 Kg6 49. Rd7 Rd1 50. Nd5 Bb3 51. Nc7 Bc4 52. Ne8 Bf6 53. Bc7 Be6 54. Nxf6 Bxd7 55. Nxd7 d3 56. Ne5+ Kf5 57. g4+ Ke6 58. Nc6 d2 59. Nd4+ Kd7 0-1

[Event "Chigorin Memorial 2018"]
[Site "St. Petersburg"]
[Date "2018.10.30"]
[Round "4.86"]
[White "Zasukhin, Mikhail"]
[Black "Vunder, Andrey"]
[Result "0-1"]
[WhiteElo "1943"]
[BlackElo "2162"]
[PlyCount "72"]
[EventDate "2018.10.27"]
[EventType "swiss"]
[EventCountry "RUS"]
[WhiteTeam "Russland"]
[BlackTeam "Russland"]
[WhiteTeamCountry "RUS"]
[BlackTeamCountry "RUS"]

1. d4 d5 2. Nf3 Nf6 3. e3 Bf5 4. c4 e6 5. Qb3 Nc6 6. Nc3 Nb4 7. Qa4+ c6 8. Nh4 Nc2+ 9. Kd1 Nxa1 10. Nxf5 exf5 11. Bd3 a6 12. Ke2 g6 13. c5 Bg7 14. Bd2 O-O 15. Rxa1 Re8 16. Kf1 Ng4 17. h3 Qh4 18. Be1 f4 19. hxg4 Qh1+ 20. Ke2 Qxg2 21. Nd1 fxe3 22. Nxe3 Rxe3+ 23. Kxe3 Bh6+ 24. Ke2 Qxg4+ 25. Kf1 Qh3+ 26. Kg1 Qxd3 27. Ba5 Re8 28. Rd1 Qf3 29. Re1 Re4 30. Rxe4 dxe4 31. Be1 Qg4+ 32. Kf1 Qh3+ 33. Kg1 Bf4 34. Qb3 e3 35. fxe3 Bxe3+ 36. Bf2 Qg3+ 0-1

[Event "Chigorin Memorial 2018"]
[Site "St. Petersburg"]
[Date "2018.10.30"]
[Round "4.87"]
[White "Shmoilov, Dmitry"]
[Black "Postnikov, Roman"]
[Result "0-1"]
[WhiteElo "1887"]
[BlackElo "2158"]
[PlyCount "58"]
[EventDate "2018.10.27"]
[EventType "swiss"]
[EventCountry "RUS"]
[WhiteTeam "Russland"]
[BlackTeam "Russland"]
[WhiteTeamCountry "RUS"]
[BlackTeamCountry "RUS"]

1. d4 d5 2. c4 e6 3. Nf3 Be7 4. g3 Nf6 5. Bg2 O-O 6. O-O c6 7. Qc2 Nbd7 8. Bf4 b6 9. Nbd2 Bb7 10. e4 Rc8 11. e5 Ne8 12. Rfe1 c5 13. dxc5 Nxc5 14. Rad1 Qc7 15. cxd5 Bxd5 16. Rc1 a5 17. b3 Qb7 18. Re3 Nc7 19. Nc4 Nb5 20. a4 Na3 21. Qb2 Nxa4 22. Qe2 Nxc4 23. bxc4 b5 24. Rb1 Rxc4 25. Nd2 Nc3 26. Rxc3 Rxc3 27. Rxb5 Qa6 28. Bxd5 exd5 29. Qf1 Rc1 0-1

[Event "Chigorin Memorial 2018"]
[Site "St. Petersburg"]
[Date "2018.10.30"]
[Round "4.88"]
[White "Vorobyova, Ekaterina"]
[Black "Sokolov, Ilia"]
[Result "1/2-1/2"]
[WhiteElo "1874"]
[BlackElo "2150"]
[PlyCount "106"]
[EventDate "2018.10.27"]
[EventType "swiss"]
[EventCountry "RUS"]
[WhiteTeam "Russland"]
[BlackTeam "Russland"]
[WhiteTeamCountry "RUS"]
[BlackTeamCountry "RUS"]

1. e4 e6 2. d4 d5 3. Nd2 h6 4. c3 Nf6 5. e5 Nfd7 6. Bd3 c5 7. Ne2 Nc6 8. O-O cxd4 9. cxd4 Qb6 10. Nf3 g5 11. h3 Be7 12. a3 Qd8 13. Be3 h5 14. Qd2 Na5 15. Rad1 g4 16. hxg4 hxg4 17. Nh2 Nc4 18. Qc2 Bg5 19. Bxc4 Bxe3 20. fxe3 Qh4 21. Bd3 g3 22. Rf4 Qxh2+ 23. Kf1 Nb6 24. Bb5+ Bd7 25. Bxd7+ Nxd7 26. e4 Nb6 27. Qc7 Qh1+ 28. Ng1 Qh5 29. Qc2 Nc4 30. Qa4+ Kf8 31. Qb4+ Ke8 32. Qa4+ Kd8 33. Rf3 Nxb2 34. Qa5+ b6 35. Qb4 Nc4 36. exd5 exd5 37. Rdd3 Rc8 38. Rxg3 Qf5+ 39. Rgf3 Qe4 40. Ne2 Rh1+ 41. Kf2 Qh4+ 42. Ng3 Nxe5 43. dxe5 Rc2+ 44. Ke3 Qg5+ 45. Kd4 Rc4+ 46. Qxc4 dxc4 47. Kxc4+ Kc8 48. Nxh1 Qh4+ 49. Kd5 Qxh1 50. Rxf7 Qxg2+ 51. Rff3 Kd7 52. e6+ Ke7 53. Ke5 Qh2+ 1/2-1/2

[Event "Chigorin Memorial 2018"]
[Site "St. Petersburg"]
[Date "2018.10.30"]
[Round "4.89"]
[White "Galchenko, Vadim"]
[Black "Sorokin, Artem"]
[Result "1/2-1/2"]
[WhiteElo "2135"]
[BlackElo "1701"]
[PlyCount "188"]
[EventDate "2018.10.27"]
[EventType "swiss"]
[EventCountry "RUS"]
[WhiteTeam "Russland"]
[BlackTeam "Russland"]
[WhiteTeamCountry "RUS"]
[BlackTeamCountry "RUS"]

1. c4 Nf6 2. Nf3 c6 3. e3 d5 4. b3 Bg4 5. Bb2 e6 6. Be2 Nbd7 7. O-O Bd6 8. d4 O-O 9. Nbd2 b6 10. Rc1 c5 11. Ne5 Bxe2 12. Qxe2 Rc8 13. f4 Qe7 14. Qf3 cxd4 15. Bxd4 Nc5 16. Rfd1 Nfe4 17. Bxc5 Nxc5 18. b4 Bxe5 19. bxc5 Bf6 20. cxb6 axb6 21. cxd5 exd5 22. Nb3 Rce8 23. Rd3 Qe4 24. Rcd1 Qxf3 25. gxf3 Re6 26. Kf2 Rfe8 27. Rc1 g6 28. Rc7 Ra8 29. Rc2 Rae8 30. Nd2 Bh4+ 31. Ke2 f5 32. Nf1 Rd6 33. Rcd2 Ra8 34. e4 fxe4 35. fxe4 Ra4 36. Rd4 Rxd4 37. Rxd4 Re6 38. e5 g5 39. Rxd5 gxf4 40. Kf3 Kf7 41. Kxf4 Be7 42. Kf5 Rh6 43. Rd7 Rh5+ 44. Kf4 Ke6 45. Rb7 Bc5 46. Kg4 Rxe5 47. Rxh7 Re2 48. a3 Ra2 49. h4 Rxa3 50. Rh6+ Kf7 51. Rc6 Ra4+ 52. Kg3 Be7 53. h5 Rh4 54. h6 Rh1 55. Ne3 Bg5 56. Nf5 Bxh6 57. Nxh6+ Ke7 58. Nf5+ Kd7 59. Rxb6 Rg1+ 60. Kf4 Rf1+ 61. Ke5 Re1+ 62. Kd5 Rd1+ 63. Nd4 Kc7 64. Rh6 Rc1 65. Ne6+ Kb6 66. Nc5+ Kb5 67. Nb3 Rg1 68. Nd4+ Kb4 69. Rb6+ Ka5 70. Rb2 Rg5+ 71. Kd6 Ka4 72. Kc6 Ka5 73. Ne6 Rh5 74. Nf4 Rf5 75. Nd5 Ka4 76. Kc5 Rh5 77. Rb8 Rg5 78. Kd4 Rg4+ 79. Kd3 Rg3+ 80. Ne3 Ka5 81. Rb1 Rh3 82. Rb2 Ka6 83. Kd4 Rh4+ 84. Kc5 Rh5+ 85. Nd5 Ka7 86. Rf2 Ka6 87. Rf8 Kb7 88. Rd8 Ka6 89. Rd6+ Ka5 90. Rf6 Ka4 91. Kc4 Rh4+ 92. Nf4 Ka5 93. Kc5 Ka4 94. Ne2 Rh5+ 1/2-1/2

[Event "Chigorin Memorial 2018"]
[Site "St. Petersburg"]
[Date "2018.10.30"]
[Round "4.90"]
[White "Zolotyh, Lev"]
[Black "Sinitsina, Anastassia"]
[Result "0-1"]
[WhiteElo "1849"]
[BlackElo "2130"]
[PlyCount "64"]
[EventDate "2018.10.27"]
[EventType "swiss"]
[EventCountry "RUS"]
[WhiteTeam "Russland"]
[BlackTeam "Estland"]
[WhiteTeamCountry "RUS"]
[BlackTeamCountry "EST"]

1. e4 c5 2. Nf3 e6 3. d4 cxd4 4. Nxd4 Nc6 5. Nc3 Qc7 6. Be3 a6 7. Be2 Nf6 8. O-O Bb4 9. Nxc6 bxc6 10. Qd4 c5 11. Qc4 O-O 12. a3 Bxc3 13. bxc3 Bb7 14. Bf3 Rfc8 15. Rfd1 Qe5 16. Rab1 Bc6 17. g3 Bb5 18. Qb3 Nxe4 19. Bf4 Qf5 20. c4 Bc6 21. Qe3 e5 22. Bxe4 Bxe4 23. Bxe5 Bxc2 24. Rd5 Bxb1 25. Bxg7 Qe4 26. Qh6 Rc6 27. Bf6 Rxf6 28. Qxf6 Qe1+ 29. Kg2 Be4+ 30. Kh3 Bxd5 31. Qg5+ Kf8 32. Qxd5 Qe6+ 0-1

[Event "Chigorin Memorial 2018"]
[Site "St. Petersburg"]
[Date "2018.10.30"]
[Round "4.91"]
[White "Kochukova, Anna"]
[Black "Vetokhina, Sofia"]
[Result "1-0"]
[WhiteElo "2121"]
[BlackElo "1595"]
[PlyCount "85"]
[EventDate "2018.10.27"]
[EventType "swiss"]
[EventCountry "RUS"]
[WhiteTeam "Russland"]
[BlackTeam "Russland"]
[WhiteTeamCountry "RUS"]
[BlackTeamCountry "RUS"]

1. e4 c5 2. Nf3 Nc6 3. d4 cxd4 4. Nxd4 g6 5. Nb3 Bg7 6. Be2 Nf6 7. Nc3 d6 8. O-O O-O 9. Re1 Be6 10. Bg5 a5 11. Bb5 Qb6 12. Be3 Qc7 13. Nd5 Bxd5 14. exd5 Nb4 15. c4 Nd7 16. Bd4 Ne5 17. Re2 Rfc8 18. a3 Nbd3 19. Nc1 Nxc1 20. Rxc1 Bh6 21. Rc3 b6 22. Re4 f5 23. Re1 Kf8 24. Qe2 Nf7 25. h4 Ra7 26. h5 Bg7 27. Bxg7+ Kxg7 28. Re3 Kf8 29. hxg6 hxg6 30. Re6 Nh8 31. g4 fxg4 32. Qxg4 Kg7 33. Rxe7+ Qxe7 34. Rxe7+ Rxe7 35. Qxc8 Re1+ 36. Kg2 Nf7 37. Qc7 Kf6 38. Qxb6 Rb1 39. Be8 a4 40. Bxf7 Kxf7 41. Qxd6 Rxb2 42. Qe6+ Kg7 43. Qe5+ 1-0

[Event "Chigorin Memorial 2018"]
[Site "St. Petersburg"]
[Date "2018.10.30"]
[Round "4.92"]
[White "Atakishiev, Emil"]
[Black "Chashchev, Sergey"]
[Result "0-1"]
[WhiteElo "1658"]
[BlackElo "2313"]
[PlyCount "66"]
[EventDate "2018.10.27"]
[EventType "swiss"]
[EventCountry "RUS"]
[WhiteTeam "Russland"]
[BlackTeam "Russland"]
[WhiteTeamCountry "RUS"]
[BlackTeamCountry "RUS"]

1. e4 d6 2. d4 Nf6 3. Nc3 e5 4. d5 Be7 5. Be3 c6 6. dxc6 bxc6 7. Bc4 Bb7 8. Bg5 Nbd7 9. Nf3 d5 10. Bxf6 Nxf6 11. exd5 cxd5 12. Bb5+ Kf8 13. O-O Bd6 14. Re1 Qc7 15. h3 a6 16. Ba4 Rd8 17. Qe2 d4 18. Nd1 e4 19. Nd2 h5 20. Qc4 Qa5 21. c3 e3 22. fxe3 Qg5 23. Re2 d3 24. Rf2 Bd5 25. Qxd3 Bg3 26. Re2 Rd6 27. Qd4 Bxg2 28. Qb4 Bxh3 29. Qb8+ Ke7 30. Qb7+ Nd7 31. Qe4+ Re6 32. Qf3 Bd6+ 33. Kf2 Rf6 0-1

[Event "Chigorin Memorial 2018"]
[Site "St. Petersburg"]
[Date "2018.10.30"]
[Round "4.93"]
[White "Kuznetsov, Mikhail"]
[Black "Prokopchuk, Yury"]
[Result "1-0"]
[WhiteElo "1882"]
[BlackElo "2275"]
[PlyCount "120"]
[EventDate "2018.10.27"]
[EventType "swiss"]
[EventCountry "RUS"]
[WhiteTeam "Russland"]
[BlackTeam "Russland"]
[WhiteTeamCountry "RUS"]
[BlackTeamCountry "RUS"]

1. d4 Nf6 2. c4 e6 3. Nf3 b6 4. g3 Bb7 5. Bg2 Be7 6. O-O O-O 7. Nc3 Ne4 8. Bd2 Bf6 9. Rc1 d6 10. Qc2 Nxd2 11. Qxd2 Nd7 12. Rfd1 g6 13. e4 Bg7 14. Qd3 Qe7 15. h4 c5 16. d5 Ne5 17. Qe2 Nxf3+ 18. Bxf3 e5 19. h5 Bh6 20. Rb1 f5 21. hxg6 hxg6 22. Kg2 Kg7 23. Rh1 Rh8 24. Rh2 Rh7 25. Rbh1 Rah8 26. Qc2 Bc8 27. Qa4 Bd2 28. Rxh7+ Rxh7 29. Rxh7+ Kxh7 30. Qc2 Bxc3 31. Qxc3 f4 32. Qe1 Qg5 33. Qc1 Bd7 34. a3 Kh6 35. b3 b5 36. Qc3 bxc4 37. Qxc4 fxg3 38. fxg3 Qd2+ 39. Qe2 Qa5 40. Qe3+ g5 41. Qc1 Bb5 42. Bg4 Kg6 43. a4 Ba6 44. Qe3 Qd8 45. Bf5+ Kg7 46. Qd2 Kh6 47. Qd1 Qe8 48. Qf3 c4 49. bxc4 Bxc4 50. Be6 Kg7 51. Qa3 Qf8 52. Bf5 Qb8 53. Qc1 Kf6 54. Qxc4 Qb2+ 55. Kh3 Qb1 56. Qe2 Qh1+ 57. Kg4 Qc1 58. Qf3 Kg7 59. Be6 Qc7 60. Qf5 Qe7 1-0

[Event "Chigorin Memorial 2018"]
[Site "St. Petersburg"]
[Date "2018.10.30"]
[Round "4.94"]
[White "Dushin, Nikolay"]
[Black "Gitelson, Arkady"]
[Result "0-1"]
[WhiteElo "1881"]
[BlackElo "2264"]
[PlyCount "88"]
[EventDate "2018.10.27"]
[EventType "swiss"]
[EventCountry "RUS"]
[WhiteTeam "Russland"]
[BlackTeam "Russland"]
[WhiteTeamCountry "RUS"]
[BlackTeamCountry "RUS"]

1. c4 e5 2. g3 Nc6 3. Bg2 g6 4. Nc3 Bg7 5. d3 d6 6. h4 h5 7. Bg5 f6 8. Bd2 Be6 9. b4 Qd7 10. b5 Nd8 11. a4 a5 12. Rb1 Ne7 13. Qb3 O-O 14. e3 Bf7 15. Bh3 Ne6 16. Nd5 Nxd5 17. cxd5 Nc5 18. Qc4 Qe7 19. Bg2 c6 20. bxc6 bxc6 21. Ne2 f5 22. d4 exd4 23. Nxd4 Rac8 24. Bxa5 Qe5 25. Qe2 Bxd5 26. f4 Qe7 27. Bxd5+ cxd5 28. Bc3 Ne4 29. Ba1 Nxg3 30. Qf3 Nxh1 31. Kd2 Qe4 32. Qxe4 dxe4 33. Rxh1 Rf7 34. Rg1 Kh7 35. a5 Ra7 36. Bc3 Bxd4 37. Bxd4 Rxa5 38. Rb1 Ra2+ 39. Kd1 Rcc2 40. Rb7+ Kg8 41. Rg7+ Kf8 42. Rxg6 Rg2 43. Rg5 Rxg5 44. fxg5 Kf7 0-1